[Event "Niedersachsen-ch op-C"]
[Site "Verden"]
[Date "2016.01.04"]
[Round "4"]
[White "Fehsenfeld, Kurt"]
[Black "Gahrens, Juergen"]
[Result "1-0"]
[WhiteElo "1490"]
[BlackElo "1205"]
[PlyCount "63"]
[EventDate "2016.01.03"]
[EventType "swiss"]
[EventRounds "7"]
[EventCountry "GER"]
[SourceTitle "EXT 2018"]
[Source "ChessBase"]
[SourceDate "2017.10.13"]
[SourceVersion "1"]
[SourceVersionDate "2017.10.13"]
[SourceQuality "1"]

1. d4 e6 2. c4 d5 3. Nc3 c6 4. e3 Bd6 5. Nf3 Nd7 6. Be2 Qe7 7. a3 f5 8. cxd5 exd5 9. Qc2 Nh6 10. b4 Nf6 11. h3 Nf7 12. Bb2 Ne4 13. b5 Nxc3 14. Qxc3 0-0 15. bxc6 b6 16. 0-0 Be6 17. Ba6 Qc7 18. Rfc1 h6 19. a4 Rab8 20. Qd3 Rfd8 21. Qc3 Rf8 22. Rc2 Rfd8 23. Nh4 Kh7 24. Qd3 g6 25. f4 Be7 26. Nf3 Rg8 27. Ne5 Nxe5 28. dxe5 h5 29. Ba3 Bxa3 30. Qxa3 Rg7 31. Rac1 Re7 32. Qd6 1-0

[Event "Niedersachsen-ch op-C"]
[Site "Verden"]
[Date "2013.01.04"]
[Round "3"]
[White "Gahrens, Juergen"]
[Black "Da Silva, Marco"]
[Result "1/2-1/2"]
[WhiteElo "1326"]
[BlackElo "1116"]
[PlyCount "61"]
[EventDate "2013.01.03"]
[EventType "swiss"]
[EventRounds "7"]
[EventCountry "GER"]
[SourceTitle "EXT 2021"]
[Source "ChessBase"]
[SourceDate "2020.10.23"]
[SourceVersion "1"]
[SourceVersionDate "2020.10.23"]
[SourceQuality "1"]

1. e4 e5 2. f4 exf4 3. Nf3 Nf6 4. Nc3 d5 5. d3 Bb4 6. Bd2 Bxc3 7. Bxc3 dxe4 8. dxe4 Qxd1+ 9. Rxd1 0-0 10. Bd3 Nc6 11. h3 Be6 12. a3 Rab8 13. 0-0 a6 14. Bxf6 gxf6 15. Nh4 Kg7 16. Rxf4 Ne5 17. Be2 Ng6 18. Nxg6 fxg6 19. Rf2 Rbd8 20. Bd3 Bc4 21. Rfd2 Bxd3 22. Rxd3 Rxd3 23. Rxd3 Re8 24. Rd7+ Kh6 25. Rxc7 Rxe4 26. Kh2 Re2 27. Kg3 Rd2 28. Rc3 g5 29. Kf3 Kh5 30. Kg3 h6 31. Kf3 1/2-1/2

[Event "Niedersachsen-ch op-C"]
[Site "Verden"]
[Date "2013.01.03"]
[Round "1"]
[White "Gahrens, Juergen"]
[Black "Wosnitza, Dennis"]
[Result "1-0"]
[WhiteElo "1326"]
[BlackElo "765"]
[PlyCount "61"]
[EventDate "2013.01.03"]
[EventType "swiss"]
[EventRounds "7"]
[EventCountry "GER"]
[SourceTitle "EXT 2021"]
[Source "ChessBase"]
[SourceDate "2020.10.23"]
[SourceVersion "1"]
[SourceVersionDate "2020.10.23"]
[SourceQuality "1"]

1. d4 e6 2. e4 d5 3. exd5 exd5 4. Bd3 Bd6 5. Nf3 Nf6 6. Bg5 0-0 7. 0-0 Bg4 8. Nbd2 Qd7 9. c4 c6 10. c5 Bc7 11. Qc2 Ba5 12. Ne5 Qe6 13. Bxf6 Qxf6 14. Nxg4 Qg6 15. Bxg6 fxg6 16. Nf3 Nd7 17. Ng5 b6 18. a3 bxc5 19. b4 cxb4 20. axb4 Bxb4 21. Qxc6 Nf6 22. Qe6+ Kh8 23. Nf7+ Kg8 24. Nxf6+ gxf6 25. Nh6+ Kg7 26. Ng4 Bc3 27. Qd7+ Rf7 28. Qxd5 Rb8 29. Ra6 f5 30. Qe5+ Kf8 31. Qxb8+ 1-0

[Event "Rheinhausen-ch 14th"]
[Site "Duisburg Rheinhausen"]
[Date "2010.02.05"]
[Round "3"]
[White "Gahrens, Juergen"]
[Black "Schumacher, Timo"]
[Result "0-1"]
[WhiteElo "1306"]
[BlackElo "1153"]
[PlyCount "46"]
[EventDate "2010.01.08"]
[EventType "swiss"]
[EventRounds "7"]
[EventCountry "GER"]
[SourceTitle "EXT 2018"]
[Source "ChessBase"]
[SourceDate "2017.10.13"]
[SourceVersion "1"]
[SourceVersionDate "2017.10.13"]
[SourceQuality "1"]

1. e4 e5 2. f4 d6 3. Nf3 Nc6 4. Bc4 f5 5. d4 fxe4 6. Ng5 Nh6 7. c3 exd4 8. cxd4 d5 9. Bb5 Nf5 10. 0-0 Bd7 11. Bxc6 Bxc6 12. Ne6 Qd7 13. Nxf8 Rxf8 14. a4 0-0-0 15. b4 a6 16. b5 Bxb5 17. axb5 Qxb5 18. Ba3 Ne3 19. Nc3 Qc4 20. Qd2 Nxf1 21. Rxf1 Rf7 22. Qe3 g5 23. Qh3+ Kb8 0-1

[Event "Rheinhausen-ch 14th"]
[Site "Duisburg Rheinhausen"]
[Date "2010.01.22"]
[Round "2"]
[White "Angermann, Immo Frank"]
[Black "Gahrens, Juergen"]
[Result "1-0"]
[WhiteElo "1628"]
[BlackElo "1306"]
[PlyCount "71"]
[EventDate "2010.01.08"]
[EventType "swiss"]
[EventRounds "7"]
[EventCountry "GER"]
[SourceTitle "EXT 2018"]
[Source "ChessBase"]
[SourceDate "2017.10.13"]
[SourceVersion "1"]
[SourceVersionDate "2017.10.13"]
[SourceQuality "1"]

1. e4 e6 2. d4 d5 3. exd5 exd5 4. Nf3 Bd6 5. Bd3 Nf6 6. 0-0 0-0 7. Bg5 Bg4 8. Nbd2 Nbd7 9. c3 c6 10. Qc2 Qc7 11. Rfe1 h6 12. Bh4 Rac8 13. h3 Bxf3 14. Nxf3 Nh5 15. Be7 Bxe7 16. Rxe7 Nf4 17. Bf5 Rcd8 18. Rae1 Qd6 19. Bxd7 Rxd7 20. Re8 Rd8 21. R8e7 Rd7 22. Re8 Rd8 23. Rxf8+ Rxf8 24. Ne5 Qe6 25. Nf3 Qd6 26. Qf5 Ng6 27. Ne5 Nxe5 28. dxe5 Qe6 29. Qh5 Kh7 30. f4 g6 31. Qh4 Kg7 32. g4 Re8 33. Qf2 b6 34. f5 Qd7 35. fxg6 fxg6 36. Qf6+ 1-0

[Event "Rheinhausen-ch 11th"]
[Site "Duisburg Rheinhausen"]
[Date "2007.01.12"]
[Round "1"]
[White "Gahrens, Juergen"]
[Black "Bluemer, Timo"]
[Result "0-1"]
[WhiteElo "1350"]
[BlackElo "1755"]
[PlyCount "84"]
[EventDate "2007.01.12"]
[EventType "swiss"]
[EventRounds "7"]
[EventCountry "GER"]
[SourceTitle "EXT 2018"]
[Source "ChessBase"]
[SourceDate "2017.10.13"]
[SourceVersion "1"]
[SourceVersionDate "2017.10.13"]
[SourceQuality "1"]

1. e4 e5 2. Bc4 Nf6 3. d3 Nc6 4. Nf3 Bc5 5. Bg5 d6 6. Nbd2 Be6 7. Bxe6 fxe6 8. Qe2 Qe7 9. Nb3 Bb6 10. a3 h6 11. Be3 0-0-0 12. Bxb6 axb6 13. Nfd2 d5 14. f3 Nh5 15. g3 Rhf8 16. Rf1 Nf6 17. 0-0-0 Qd7 18. Nb1 Kb8 19. Nc3 Nd4 20. Nxd4 exd4 21. Na2 dxe4 22. dxe4 e5 23. Qc4 Ne8 24. Nb4 Nf6 25. Kb1 b5 26. Qb3 c5 27. Nd5 Nxd5 28. exd5 Qxd5 29. Qxb5 Rxf3 30. Rxf3 Qxf3 31. Rf1 Qd5 32. Rc1 e4 33. Rf1 c4 34. Qxd5 Rxd5 35. Rf8+ Kc7 36. Rf7+ Rd7 37. Rxd7+ Kxd7 38. Kc1 e3 39. Kd1 d3 40. cxd3 cxd3 41. Ke1 Kd6 42. Kd1 Kd5 0-1

[Event "Rheinhausen-ch 10th"]
[Site "Duisburg Rheinhausen"]
[Date "2006.03.31"]
[Round "7.18"]
[White "Reisloh, Carsten"]
[Black "Gahrens, Juergen"]
[Result "1-0"]
[WhiteElo "1653"]
[BlackElo "1329"]
[PlyCount "81"]
[EventDate "2006.01.06"]
[EventType "swiss"]
[EventRounds "7"]
[EventCountry "GER"]
[SourceTitle "EXT 2007"]
[Source "ChessBase"]
[SourceDate "2006.11.23"]
[SourceVersion "1"]
[SourceVersionDate "2006.11.23"]
[SourceQuality "1"]

1. d4 e6 2. c4 d5 3. Nc3 Nf6 4. Bg5 Be7 5. e3 c6 6. Nf3 Nbd7 7. Bd3 h6 8. Bh4 dxc4 9. Bxc4 Nb6 10. Bd3 0-0 11. Rc1 Nbd5 12. a3 Qa5 13. Qb3 Qd8 14. Nxd5 Nxd5 15. Bxe7 Qxe7 16. 0-0 a5 17. Ne5 a4 18. Qc2 Qe8 19. Qc5 Qe7 20. Qxe7 Nxe7 21. Rc4 g6 22. Rfc1 Ra6 23. Rc5 b5 24. Nxc6 Rxc6 25. Rxc6 Nxc6 26. Rxc6 Bb7 27. Rb6 Bd5 28. Rxb5 f5 29. h4 Rc8 30. Ra5 Rc1+ 31. Kh2 Rd1 32. Bb5 Rd2 33. Kg3 Rxb2 34. Bxa4 Kf7 35. Bd7 Ke7 36. Ra7 Rb7 37. Rxb7 Bxb7 38. Bb5 Kd6 39. f3 Kd5 40. Kf4 Bc8 41. Be8 1-0

[Event "Rheinhausen-ch 10th"]
[Site "Duisburg Rheinhausen"]
[Date "2006.02.03"]
[Round "3.19"]
[White "Klaus, Helmut"]
[Black "Gahrens, Juergen"]
[Result "1-0"]
[WhiteElo "1818"]
[BlackElo "1329"]
[PlyCount "101"]
[EventDate "2006.01.06"]
[EventType "swiss"]
[EventRounds "7"]
[EventCountry "GER"]
[SourceTitle "EXT 2007"]
[Source "ChessBase"]
[SourceDate "2006.11.23"]
[SourceVersion "1"]
[SourceVersionDate "2006.11.23"]
[SourceQuality "1"]

1. e4 e6 2. d4 d5 3. Nc3 Bb4 4. Bd2 Ne7 5. a3 Bxc3 6. bxc3 dxe4 7. Qg4 Ng6 8. Qxe4 Qd5 9. Qd3 Nc6 10. Be2 0-0 11. Nf3 a6 12. c4 Qd8 13. Qc3 Qd6 14. g3 b6 15. 0-0 h6 16. Rfd1 Bb7 17. Be3 Nce7 18. Nd2 f5 19. Bf3 Bxf3 20. Nxf3 f4 21. Bc1 fxg3 22. fxg3 Qc6 23. Rd3 Rad8 24. Bb2 Rf6 25. Re1 Rdf8 26. Kg2 a5 27. Qb3 Rf5 28. Qc3 R5f6 29. Qb3 Rf5 30. Rde3 Kh7 31. Qc3 R5f6 32. Qd3 Kg8 33. d5 exd5 34. Bxf6 Rxf6 35. Rxe7 Nxe7 36. Rxe7 dxc4 37. Qe4 Qxe4 38. Rxe4 c3 39. Rc4 Re6 40. Rxc3 c5 41. Kf2 Kh7 42. Rb3 Kg8 43. Nd2 Rf6+ 44. Kg2 Re6 45. Kf2 Rf6+ 46. Nf3 Kf7 47. Re3 Rf5 48. Ke2 Rd5 49. Rd3 Rxd3 50. Kxd3 Ke6 51. c4 1-0